Holiday Quiz

Random Holiday or Easter Quiz

'B' Holiday Quiz Stats

 Plays Quiz Updated Dec 16, 2014

Also try: Holiday by Numbers
Challenge
Share
Tweet
Embed
Score 0/14 Timer 04:00
21 Plays Today
Hint Answer % Correct
Hot cross ____; a traditional British Easter foodBuns
92.3%
Town of Jesus' birthBethlehem
90.8%
Annual celebration of one's natal dayBirthday
88.6%
Decorative items sometime placed on wrapped giftsBows
88.5%
Day after American Thanksgiving, traditionally the start of the Christmas shopping seasonBlack Friday
87.4%
Easter ______; filled with chocolate eggs etc. and given to childrenBaskets
87.2%
Name given to 26th December in the UK and CommonwealthBoxing Day
80.1%
Hint Answer % Correct
Coming-of-age ritual for Jewish boysBar Mitzvah
78.7%
Gas-filled toy often used as a decoration at celebrationsBalloons
73.7%
French National Day, commemorating the start of the French Revolution and the Fête de la FédérationBastille Day
71.6%
Hollow, cup-shaped musical instrument associated with ChristmasBells
55.3%
British public holidaysBank holidays
42.2%
Event celebrating Scotland's national poet; foods eaten include haggis, neeps and tattiesBurns' Night
35.4%
Maror and chazeret; two of the six Passover Seder plate foods Bitter herbs
14.5%

You're not logged in!

Compare scores with friends on all Sporcle quizzes.
OR
Log In

You Might Also Like...

Show Comments

Extras

Top Quizzes Today


Score Distribution

Your Account Isn't Verified!

In order to create a playlist on Sporcle, you need to verify the email address you used during registration. Go to your Sporcle Settings to finish the process.

Report this User

Report this user for behavior that violates our Community Guidelines.

Details: